| 000 | 03127nam a2200253 4500 | ||
|---|---|---|---|
| 003 | NALT | ||
| 005 | 20251114101808.0 | ||
| 008 | 251111b th ||||| |||| 00| 0 tha d | ||
| 040 | _aNALT | ||
| 050 |
_aQR 177 _bห233ก 2565 |
||
| 100 | 0 |
_aหยาดพิรุณ ศิริ. _966973 |
|
| 245 | 1 |
_aการดื้อยากลุ่มคาร์บาพีเนมของแบคทีเรีย Enterobacteriaceae ในระบบบำบัดน้ำเสียของโรงพยาบาลตติยภูมิแห่งหนึ่งในภาคใต้ของประเทศไทย = _bCarbapenem-resistant Enterobacteriaceae in wastewater treatment plant system in a tertiary hospital in southern Thailand / _cหยาดพิรุณ ศิริ. |
|
| 260 |
_aนครศรีธรรมราช : _bมหาวิทยาลัยวลัยลักษณ์, _c2565. |
||
| 300 |
_a132 หน้า : _bภาพประกอบ, ตาราง, แผนภูมิ ; _c30 ซม. _e+ ซีดี-รอม 1 แผ่น. |
||
| 505 | 2 | _aบทที่ 1 บทนำ -- บทที่ 2 การทบทวนวรรณกรรม -- 2.1 บริบทของพื้นที่ศึกษา -- 2.2 สถานการณ์เชื้อดื้อยาในน้ำเสียโรงพยาบาล -- 2.3 กฎหมายเบื้องต้นเกี่ยวกับระบบบำบัดน้ำเสียของโรงพยาบาล -- 2.4 แนวคิดและทฤษฎีที่เกี่ยวข้องกับการดื้อยา -- 2.5 การแพร่กระจาย และการรับสัมผัสเชื้อดื้อยาในสิ่งแวดล้อม -- 2.6 เทคโนโลยีกับประสิทธิภาพการบำบัดเชื้อดื้อยาในน้ำเสีย -- 2.7 วิธีการทดสอบความไวต่อยาปฏิชีวนะ -- 2.8 แนวทางป้องกันการแพร่กระจายเชื้อดื้อยาในน้ำเสียโรงพยาบาล -- 2.9 งานวิจัยที่เกี่ยวข้อง -- บทที่ 3 วิธีการวิจัย -- บทที่ 4 ผลการวิจัยและการอภิปรายผล -- บทที่ 5 สรุปการวิจัย ข้อจำกัดและข้อเสนอแนะ. | |
| 650 | 4 |
_aการดื้อยาในจุลินทรีย์ _967014 |
|
| 650 | 4 |
_aแบคทีเรียก่อโรค _967015 |
|
| 650 | 4 |
_aน้ำเสีย _xการปนเปื้อนของจุลินทรีย์ _967016 |
|
| 942 |
_2lcc _cRSH |
||
| 996 |
_ajidapa.t _bACQSTF _c2025-11-11 |
||
| 996 |
_avaree.k _bLIBSTF _c2025-11-12 |
||
| 996 |
_ajamriang.p _bCATSTF _c2025-11-13 |
||
| 999 |
_c107476 _d107476 |
||
| 998 |
_j6650 _k นางสาววารี เกตุโฉม |
||